[Event "Kesarovski Georgiev Memorial 5th"]
[Site "Sunny Beach"]
[Date "2006.09.09"]
[Round "8.5"]
[White "Ermenkov, Evgenij"]
[Black "Angelov, Kosta"]
[Result "1-0"]
[WhiteElo "2462"]
[BlackElo "2191"]
[PlyCount "41"]
[EventDate "2006.09.02"]
[EventType "swiss"]
[EventRounds "9"]
[EventCountry "BUL"]
[SourceTitle "CBM 114 Extra"]
[Source "ChessBase"]
[SourceDate "2006.11.03"]
[SourceVersion "1"]
[SourceVersionDate "2006.11.03"]
[SourceQuality "1"]

1. d4 Nf6 2. Nf3 g6 3. c4 Bg7 4. Nc3 0-0 5. e4 d6 6. Be2 Na6 7. 0-0 e5 8. Be3 Qe8 9. dxe5 dxe5 10. c5 Ng4 11. Bg5 Nxc5 12. Nd5 Qd7 13. Rc1 Nxe4 14. Rxc7 Qe6 15. Be7 Ngxf2 16. Rxf2 Nxf2 17. Kxf2 e4 18. Bc4 Qf5 19. Bxf8 Bxf8 20. Ne3 Bc5 21. Qd8+ 1-0

[Event "Kesarovski Georgiev Memorial 5th"]
[Site "Sunny Beach"]
[Date "2006.09.07"]
[Round "6.20"]
[White "Draganova, Petranka"]
[Black "Angelov, Kosta"]
[Result "0-1"]
[WhiteElo "2045"]
[BlackElo "2191"]
[PlyCount "90"]
[EventDate "2006.09.02"]
[EventType "swiss"]
[EventRounds "9"]
[EventCountry "BUL"]
[SourceTitle "CBM 114 Extra"]
[Source "ChessBase"]
[SourceDate "2006.11.03"]
[SourceVersion "1"]
[SourceVersionDate "2006.11.03"]
[SourceQuality "1"]

1. e4 Nc6 2. Nf3 d6 3. Bc4 Nf6 4. Nc3 Bg4 5. h3 Bh5 6. g4 Bg6 7. d3 e6 8. Qe2 a6 9. Bg5 Be7 10. Bb3 Qd7 11. 0-0-0 0-0-0 12. d4 Na5 13. Ba4 b5 14. e5 Nd5 15. Nxd5 exd5 16. Bxe7 Qxe7 17. Bb3 Be4 18. Rhe1 c5 19. exd6 Qf6 20. Nd2 c4 21. Nxe4 dxe4 22. Qxe4 Qxd6 23. Qa8+ Kc7 24. Qa7+ Nb7 25. d5 cxb3 26. axb3 Rhe8 27. Re3 Rxe3 28. fxe3 Qb6 29. Qxb6+ Kxb6 30. e4 Re8 31. Re1 Kc5 32. Kd2 Kd4 33. c3+ Ke5 34. b4 Nd6 35. Kd3 h5 36. g5 Kf4 37. b3 Rxe4 38. Rxe4+ Nxe4 39. Kd4 Nxc3 40. d6 Ne4 41. d7 Nxg5 42. Kd5 Ne6 43. Kd6 g5 44. Ke7 g4 45. Kxf7 Ke5 0-1

[Event "Kesarovski Georgiev Memorial 4th"]
[Site "Sunny Beach"]
[Date "2005.09.18"]
[Round "3"]
[White "Angelov, Zvetomir"]
[Black "Angelov, Kosta"]
[Result "1/2-1/2"]
[WhiteElo "2098"]
[BlackElo "2232"]
[PlyCount "87"]
[EventDate "2005.09.16"]
[EventType "swiss"]
[EventRounds "9"]
[EventCountry "BUL"]
[SourceTitle "CBM 108 Extra"]
[Source "ChessBase"]
[SourceDate "2005.11.04"]
[SourceVersion "1"]
[SourceVersionDate "2005.11.04"]
[SourceQuality "1"]

1. c4 e5 2. Nc3 Nc6 3. Nf3 g6 4. g3 Bg7 5. Bg2 d6 6. 0-0 Be6 7. d3 h6 8. Rb1 Nge7 9. e4 0-0 10. b4 Qd7 11. Nd5 Kh7 12. b5 Nd8 13. Nh4 c6 14. Nxe7 Qxe7 15. a4 c5 16. Qe1 Bf6 17. Nf3 Qd7 18. Qd2 Bg7 19. Nh4 Bh3 20. Bb2 Bf6 21. Nf5 Bg5 22. f4 Bxg2 23. Kxg2 Bxf4 24. gxf4 gxf5 25. fxe5 Rg8+ 26. Kh1 fxe4 27. Rg1 Ne6 28. dxe4 Ng5 29. Rbf1 Qh3 30. Qf4 dxe5 31. Bxe5 Raf8 32. Rg3 Qe6 33. Bd6 Qxe4+ 34. Qxe4+ Nxe4 35. Rxg8 Rxg8 36. Rxf7+ Rg7 37. Rxg7+ Kxg7 38. Bb8 a6 39. bxa6 bxa6 40. Kg2 Kf6 41. Kf3 Nd2+ 42. Ke2 Nxc4 43. Ba7 Ke5 44. Bxc5 1/2-1/2